Statistics for NFL Teams By Clue

Click here to take the quiz!

General Stats

  • This quiz has been taken 911 times
  • The average score is 26 of 32

Answer Stats

ClueAnswer% Correct
Big peopleNew York Giants
93%
Supporter of a countryNew England Patriots
92%
GrizzliesChicago Bears
91%
Gold minersSan Francisco 49ers
91%
Bald ______Philadelphia Eagles
89%
Black birdBaltimore Ravens
88%
Red BirdArizona Cardinals
87%
BisonsBuffalo Bills
87%
Texas NativesHouston Texans
87%
Birds on the coastSeattle Seahawks
87%
Fast plane used in militaryNew York Jets
86%
King of the jungleDetroit Lions
85%
Wild horseDenver Broncos
84%
Acme Packing CompanyGreen Bay Packers
84%
Black jaguars that live in junglesCarolina Panthers
83%
TigersCincinnati Bengals
83%
Man on horsebackDallas Cowboys
83%
Spotted big catsJacksonville Jaguars
83%
Type of metalPittsburgh Steelers
82%
ElectricityLos Angeles Chargers
81%
Fast BirdsAtlanta Falcons
78%
Male goatLos Angeles Rams
77%
Scandinavians from 8th to 11th centuryMinnesota Vikings
77%
ChristiansNew Orleans Saints
76%
Privateers or free sailorsTampa Bay Buccaneers
76%
A young male horseIndianapolis Colts
75%
IndiansKansas City Chiefs
75%
PiratesOakland Raiders
73%
Cousin of porpoiseMiami Dolphins
71%
First coach- Paul _____Cleveland Browns
67%
Children of giants in Greek MythologyTennessee Titans
67%
Color of potato skinWashington Redskins
58%

Score Distribution

Percentile by Number Answered

Percent of People with Each Score

Your Score History

You have not taken this quiz